Las mujeres en la historia de Colombia. Tomo II: Mujeres y sociedad / Magdala Velásquez Toro, Dirección académica, Consejería Presidencial Para la Política Social (Registro nro. 32700)
[ vista simple ]
| 000 -LÍDER | |
|---|---|
| Campo fijo de descripción fija | 014020000a22002050004500 |
| 020 ## - NÚMERO INTERNACIONAL NORMALIZADO PARA LIBROS | |
| Número Internacional Normalizado del libro | 958-04-2928-0 |
| 041 0# - CÓDIGO DE IDIOMA | |
| Código de idioma para texto/pista de sonido o título separado | |
| 082 04 - NÚMERO DE CLASIFICACIÓN DECIMAL DEWEY | |
| Número de clasificación | G 179 V444n |
| 001 - NÚMERO DE CONTROL | |
| Campo de control | 1377 |
| 245 10 - TÍTULO | |
| Título del Material | Las mujeres en la historia de Colombia. Tomo II: Mujeres y sociedad / Magdala Velásquez Toro, Dirección académica, Consejería Presidencial Para la Política Social |
| 260 ## - PUBLICACIÓN, DISTRIBUCIÓN, ETC. (PIE DE IMPRENTA) | |
| Lugar de publicación, distribución, etc. | Bogotá, Colombia : Norma |
| 300 ## - DESCRIPCIÓN FÍSICA | |
| Extensión | 537 Pag. |
| 336 ## - CONTENT TYPE | |
| Content type term | texto |
| Content type code | txt |
| Source | rdacontent |
| 337 ## - MEDIA TYPE | |
| Source | rdamedia |
| Media type term | sin mediación |
| Media type code | n |
| 338 ## - CARRIER TYPE | |
| Source | rdacarrier |
| Carrier type term | volumen |
| Carrier type code | nc |
| 505 00 - NOTA DE CONTENIDO | |
| Nota de contenido con formato preestablecido | las mujeres indígenas: antagonismo y complementos -- las mujeres negras en la historia de Colombia -- las mujeres y el crimen en la época colonial -- control sexual y catolicismo -- las brujas y la inquisición -- la sociedad colombiana en el siglo XIX -- las mujeres y el matrimonio en la Nueva Granada -- familia y hogares en Colombia durante el siglo XIX y comienzos del XX -- mujeres y familia en el siglo XIX -- Colombia 1900-1930: la búsqueda de la modernización -- mujeres en guerra -- industria, proletario, mujeres y religión -- las niñas a principio de siglo -- la Colombia contemporánea, 1930-1990 -- mujeres y violencia, años 50 -- el proletariado femenino entre los años 50 y 70 -- mujeres y colonización |
| 650 14 - ASIENTO SECUNDARIO DE MATERIA - TERMINO TEMÁTICO | |
| Término temático o nombre geográfico como elemento de entrada | MUJERES - COLOMBIA - HISTORIA \ MUJERES - CONDICIONES SOCIALES |
| 942 ## - TIPO DE MATERIAL (KOHA) | |
| Tipo de Item KOHA | Libros General |
| Estado de Material | Estado de Perdido | Estado de Dañado | No para Préstamo | Colección | Tomo | Biblioteca de Origen | Biblioteca Permanente | Fecha de Adquisición | Total de Préstamos | Signatura Topográfica | Código de Barras | Última vez visto | Última vez Préstado | Ejemplar/Existencia | Fecha de Remplazo | Tipo de Material |
|---|---|---|---|---|---|---|---|---|---|---|---|---|---|---|---|---|
| Colección General | 2 | Biblioteca FUSBC | Biblioteca FUSBC | 14/10/2004 | 1 | G 179 V444n | 840 | 17/03/2020 | 22/02/2018 | 1 | 26/01/2016 | Libros General |
